LEADER 03225oas 2201165 a 450 001 9911046025203321 005 20260203110149.0 011 $a1748-3115 035 $a(DE-599)ZDB2234110-9 035 $a(OCoLC)67725439 035 $a(CONSER) 2011247787 035 $a(CKB)1000000000210605 035 $a(DE-599)2234110-9 035 $a(EXLCZ)991000000000210605 100 $a20060426a20069999 oy a 101 0 $aeng 135 $aur||||||||||| 181 $ctxt$2rdacontent 182 $cc$2rdamedia 183 $acr$2rdacarrier 200 10$aDisability and rehabilitation$iAssistive technology 210 1$aAbingdon, Oxford, UK :$cTaylor & Francis,$d2006- 215 $a1 online resource 300 $aRefereed/Peer-reviewed 311 08$a1748-3107 517 1 $aAssistive technology 606 $aRehabilitation technology$vPeriodicals 606 $aSelf-help devices for people with disabilities$vPeriodicals 606 $aSelf-Help Devices 606 $aPersons with Disabilities 606 $aRehabilitation 606 $aTechnologie de la re?adaptation$vPe?riodiques 606 $aAides fonctionnelles (Me?decine physique)$vPe?riodiques 606 $aAides fonctionnelles (Me?decine physique) 606 $aPersonnes handicape?es 606 $aRe?adaptation 606 $aRehabilitation technology$2fast$3(OCoLC)fst01093387 606 $aSelf-help devices for people with disabilities$2fast$3(OCoLC)fst01111735 606 $aMedische techniek$2gtt 606 $aRevalidatie$2gtt 608 $aperiodicals.$2aat 608 $aPeriodicals.$2fast 608 $aPeriodicals.$2lcgft 608 $aPe?riodiques.$2rvmgf 615 0$aRehabilitation technology 615 0$aSelf-help devices for people with disabilities 615 12$aSelf-Help Devices. 615 22$aPersons with Disabilities. 615 22$aRehabilitation. 615 6$aTechnologie de la re?adaptation 615 6$aAides fonctionnelles (Me?decine physique) 615 6$aAides fonctionnelles (Me?decine physique) 615 6$aPersonnes handicape?es. 615 6$aRe?adaptation. 615 7$aRehabilitation technology. 615 7$aSelf-help devices for people with disabilities. 615 17$aMedische techniek. 615 17$aRevalidatie. 801 0$bOCLCS 801 1$bOCLCS 801 2$bOCLCS 801 2$bOCLCQ 801 2$bZ5A 801 2$bOCLCQ 801 2$bPFM 801 2$bAU@ 801 2$bUKMGB 801 2$bOCLCQ 801 2$bOCLCF 801 2$bOCLCO 801 2$bOCLCQ 801 2$bTXA 801 2$bOCLCO 801 2$bNLE 801 2$bBUF 801 2$bDLC 801 2$bOCLCO 801 2$bWYU 801 2$bOCLCO 801 2$bOCLCA 801 2$bVT2 801 2$bU3W 801 2$bOCLCO 801 2$bBWN 801 2$bQGK 801 2$bOCLCQ 801 2$bUAB 801 2$bU3G 801 2$bS2H 801 2$bCASUM 801 2$bOCLCL 801 2$bSGB 801 2$bLUO 801 2$bLIP 801 2$bXFH 801 2$bOCLCQ 906 $aJOURNAL 912 $a9911046025203321 996 $aDisability and rehabilitation$94480838 997 $aUNINA